| 000 | 00676nam a2200193Ia 4500 | ||
|---|---|---|---|
| 003 | GCL | ||
| 008 | 140319s9999 xx 000 0 ara d | ||
| 040 |
_aGCL / _cGCL |
||
| 082 | 0 | 4 |
_a340.3 _bأ ع |
| 100 | 1 | _aابراهيم الشهاوى | |
| 245 | 1 | 0 |
_aعقد امتياز المرفق العام .B.O.T / _cابراهيم الشهاوى |
| 260 |
_aالقاهرة : _bمؤسسة الطوبجى للتجارة والطباعة والنشر ، _c2003 |
||
| 300 |
_a502 ص ؛ _c24 سم |
||
| 650 | 0 | 4 | _aالقانون المدنى |
| 650 | 0 | 4 | _aالقانون - نظريات |
| 650 | 0 | 4 | _aمصر - الدستور |
| 650 | 0 | 4 | _aالقانون - اصلاح |
| 942 |
_2ddc _cBK |
||
| 999 |
_c6523 _d6523 |
||